Statistics for Lana Del Rey - If You Lie Down With Me Lyrics

Click here to take the quiz!

General Stats

  • This quiz has been taken 17 times
  • The average score is 283 of 320

Answer Stats

Answer% Correct
Baby
100%
baby
100%
Dance
100%
dance
100%
on
100%
Put
100%
to
100%
up
100%
you
100%
You
100%
your
100%
a
93%
all
93%
around
93%
ballerina
93%
be
93%
do
93%
Don't
93%
don't
93%
down
93%
Get
93%
high
93%
I
93%
know
93%
Lie
93%
lie
93%
Like
93%
like
93%
me
93%
next
93%
over
93%
red
93%
room
93%
say
93%
Spin
93%
super
93%
that
93%
the
93%
three
93%
twice
93%
When
93%
you're
93%
ain't
86%
and
86%
And
86%
at
86%
boots
86%
'Cause
86%
Fourth
86%
guy
86%
If
86%
July
86%
late
86%
of
86%
Once
86%
so
86%
thought
86%
times
86%
we
86%
would
86%
already
79%
best
79%
by
79%
eight
79%
Ever
79%
gentleman
79%
holiday
79%
it's
79%
jacket
79%
Light
79%
meet
79%
moon
79%
pick
79%
too
79%
truck
79%
wants
79%
way
79%
whiskey
79%
with
79%
built
71%
Burnt
71%
cry
71%
fire
71%
for
71%
gets
71%
giddy
71%
her
71%
into
71%
Just
71%
long
71%
treat
71%
Treat
71%
were
71%
what
71%
Babe
64%
breath
64%
sick
64%
six
64%
they
64%
'til
64%
I'm
57%
lying
57%
train
57%
without
57%
lay
50%
nice
50%
talk
50%
Twirl
50%
I'll
43%
stowaway
43%
freight
36%
haul
36%
trial
36%

Score Distribution

Percentile by Number Answered

Percent of People with Each Score

Your Score History

You have not taken this quiz